00516nam a2200145Ia 4500003000900000008004100009020002600050040001600076100002100092245006900113260003200182300002000214490003300234856010300267IN-BaIIA211028s9999 xx s 000 0 eng d a9780819408990 (Print) cIIA Library aWang, Yuzhu, ed. 0a1992 Shanghai International Symposium on Quantum Opticsh[eBook] aWashington, USAbSPIEc1992 aOnline resource aProceedings of SPIE; V. 1726 uhttps://www.spiedigitallibrary.org/conference-proceedings-of-spie/1726yClick Here to Access eBook